000 00298 a2200121 4500
001 12566
082 _a620.4322POS
090 _c9578
_d9578
100 _aPoschel,T
245 _acomputational Granular Dynamics: Models and Algorithms
260 _aGermany
_bJane's
_c2005
300 _ax, 322 p.
942 _aNUST-CAE
_k620.4322POS
999 _c247639
_d247639